[Event "First Saturday 2011 februar FM-C"]
[Site "Budapest"]
[Date "2011.02.05"]
[Round "1.1"]
[White "Czipp, Janos"]
[Black "Gimm, Gyorgy"]
[Result "0-1"]
[WhiteElo "1632"]
[BlackElo "1815"]
[PlyCount "104"]
[EventDate "2011.02.05"]

1. c4 Nf6 2. d4 g6 3. Nf3 Bg7 4. g3 O-O 5. Bg2 d5 6. cxd5 Nxd5 7. O-O Nc6 8.
Nc3 e6 9. e3 Nce7 10. e4 Nxc3 11. bxc3 b6 12. Qc2 Bb7 13. Ba3 Re8 14. Rad1 c6
15. Rfe1 Qc7 16. e5 Rad8 17. Ng5 Nc8 18. Ne4 Rd7 19. Qc1 h6 20. Qf4 Kh7 21. Bc1
Rh8 22. Qh4 Qd8 23. Bg5 Qf8 24. Nf6+ Bxf6 25. Bxf6 Rg8 26. Be4 Ne7 27. c4 Ba6
28. Bxe7 Qxe7 29. Qxe7 Rxe7 30. Bxc6 Bxc4 31. Rd2 Rc8 32. Bf3 Rec7 33. Red1 Kg7
34. d5 Bxd5 35. Bxd5 exd5 36. Rxd5 Rc1 37. Rxc1 Rxc1+ 38. Kg2 Rc2 39. a4 Kf8
40. h4 Ke7 41. Kf3 Ke6 42. Ke4 Rc4+ 43. Rd4 Rxd4+ 44. Kxd4 g5 45. h5 a6 46. f4
gxf4 47. gxf4 Kf5 48. Kd5 b5 49. a5 Kxf4 50. Kc5 Kxe5 51. Kb6 b4 52. Kxa6 b3
0-1

[Event "First Saturday 2011 februar FM-C"]
[Site "Budapest"]
[Date "2011.02.05"]
[Round "1.1"]
[White "Hegedus, Peter dr"]
[Black "Bohus, Adam"]
[Result "1/2-1/2"]
[WhiteElo "1851"]
[BlackElo "1606"]
[PlyCount "66"]
[EventDate "2011.02.05"]

1. e4 c5 2. c3 d5 3. exd5 Qxd5 4. d4 Nf6 5. Nf3 Bg4 6. Nbd2 e6 7. Bc4 Qd7 8.
Qb3 Nc6 9. Ne5 Qc7 10. Nxg4 Nxg4 11. Nf3 Bd6 12. h3 Nf6 13. Be3 cxd4 14. Nxd4
a6 15. Nxc6 Qxc6 16. O-O O-O 17. Be2 Qc7 18. Bf3 Rab8 19. Bb6 Qe7 20. Rad1 Bc5
21. Rd2 Rfc8 22. Rfd1 h6 23. a4 Bxb6 24. Qxb6 Qc7 25. Qxc7 Rxc7 26. Rd8+ Rxd8
27. Rxd8+ Kh7 28. Rb8 Nd5 29. Kf1 Kg6 30. Bxd5 exd5 31. Ke2 d4 32. a5 dxc3 33.
bxc3 Rc5 1/2-1/2

[Event "First Saturday 2011 februar FM-C"]
[Site "Budapest"]
[Date "2011.02.06"]
[Round "1.2"]
[White "Gimm, Gyorgy"]
[Black "Bohus, Adam"]
[Result "1/2-1/2"]
[WhiteElo "1815"]
[BlackElo "1606"]
[PlyCount "82"]
[EventDate "2011.02.05"]

1. e4 c5 2. Nf3 Nc6 3. d4 cxd4 4. Nxd4 Nf6 5. Nc3 e5 6. Ndb5 d6 7. Bg5 a6 8.
Na3 b5 9. Nd5 Be7 10. Bxf6 Bxf6 11. c3 O-O 12. Be2 Be6 13. Nxf6+ gxf6 14. Bg4
Kh8 15. Nc2 Bxg4 16. Qxg4 Rg8 17. Qf3 Rg6 18. O-O-O Ra7 19. Ne3 b4 20. Nd5 bxc3
21. Nxc3 Nd4 22. Qh3 Rc7 23. Rhe1 Qe8 24. Kb1 Qb8 25. Rd2 Rb7 26. Ne2 Nxe2 27.
Rexe2 Kg7 28. Qf3 Rb6 29. h4 Qd8 30. g3 Kh8 31. Re3 Qe7 32. Rb3 Rc6 33. Rc2
Rxc2 34. Kxc2 Rg8 35. Qd3 Rc8+ 36. Rc3 Rxc3+ 37. Qxc3 Qb7 38. Qc4 Kg7 39. b4
Qb6 40. Qe2 Qxb4 41. Qg4+ Kh8 1/2-1/2

[Event "First Saturday 2011 februar FM-C"]
[Site "Budapest"]
[Date "2011.02.06"]
[Round "1.2"]
[White "Czipp, Janos"]
[Black "Hajdu, Roland"]
[Result "0-1"]
[WhiteElo "1632"]
[BlackElo "1833"]
[PlyCount "65"]
[EventDate "2011.02.05"]

1. c4 e6 2. d4 d5 3. Nc3 Nf6 4. Nf3 b6 5. Bf4 Bb7 6. g3 Be7 7. Bg2 O-O 8. O-O
a6 9. Nd2 Nbd7 10. Qb3 dxc4 11. Nxc4 Bxg2 12. Kxg2 Nh5 13. Bd2 c5 14. dxc5 Nxc5
15. Qc2 b5 16. Ne5 Qc7 17. Nf3 Rac8 18. Qd1 Rfd8 19. b4 Nb7 20. a3 Bf6 21. Rc1
Bxc3 22. Rxc3 Qe7 23. Qa1 Nf6 24. Rfc1 Rxc3 25. Bxc3 Ne8 26. Be5 f6 27. Bf4
Ned6 28. Rd1 Nc4 29. Rd3 e5 30. Rxd8+ Qxd8 31. Bc1 Qd5 32. e3 Nbd6 33. Qa2 0-1

[Event "First Saturday 2011 februar FM-C"]
[Site "Budapest"]
[Date "2011.02.07"]
[Round "1.3"]
[White "Hajdu, Roland"]
[Black "Gimm, Gyorgy"]
[Result "1-0"]
[WhiteElo "1833"]
[BlackElo "1815"]
[PlyCount "115"]
[EventDate "2011.02.05"]

1. e4 c5 2. Nf3 Nc6 3. d4 cxd4 4. Nxd4 Nf6 5. Nc3 e5 6. Ndb5 d6 7. Nd5 Nxd5 8.
exd5 Nb8 9. c4 a6 10. Nc3 Bf5 11. Bd3 Bxd3 12. Qxd3 Be7 13. O-O O-O 14. f4 Nd7
15. f5 Nc5 16. Qg3 Bf6 17. b4 Nd7 18. Be3 Qc7 19. c5 dxc5 20. Ne4 c4 21. d6 Qd8
22. a4 Kh8 23. a5 Rc8 24. Bc5 Qe8 25. Rab1 Bd8 26. Qe3 f6 27. Rf3 Qf7 28. Qd2
b6 29. axb6 Bxb6 30. Bxb6 Nxb6 31. Nc5 Rfd8 32. Ne6 Rd7 33. Rg3 Rg8 34. Ra1 Ra7
35. Qe3 Nd5 36. Qc5 Nf4 37. Qxc4 Qb7 38. Nxf4 exf4 39. Qxf4 Rd8 40. Rd3 Qb5 41.
Rad1 Rad7 42. Rd5 Qb7 43. h4 h6 44. Kh1 Qb6 45. g4 Qc6 46. Kh2 Re8 47. R1d2 Re1
48. g5 Qc1 49. Qf3 Qc4 50. R5d4 Qc8 51. g6 Re8 52. Re4 Red8 53. Qe3 Qb8 54. Kh3
Rg8 55. Re7 Rgd8 56. Rxd7 Rxd7 57. Qe6 Qc8 58. Rd3 1-0

[Event "First Saturday 2011 februar FM-C"]
[Site "Budapest"]
[Date "2011.02.07"]
[Round "1.3"]
[White "Hegedus, Peter dr"]
[Black "Czipp, Janos"]
[Result "1-0"]
[WhiteElo "1851"]
[BlackElo "1632"]
[PlyCount "55"]
[EventDate "2011.02.05"]

1. e4 g6 2. d4 Bg7 3. c3 d6 4. Nf3 Nd7 5. Bc4 e6 6. O-O Ne7 7. Bg5 O-O 8. Qd2
Qe8 9. Na3 c6 10. Rfe1 Nb6 11. Bb3 d5 12. e5 Nd7 13. c4 dxc4 14. Nxc4 Nd5 15.
Nd6 Nxe5 16. Nxe8 Nxf3+ 17. gxf3 Rxe8 18. Bxd5 cxd5 19. Rac1 Bf8 20. Bf6 Bd7
21. Qf4 Bc6 22. Re5 h6 23. h4 Kh7 24. Rce1 Be7 25. Bxe7 Rxe7 26. Qf6 Rae8 27.
Rc1 Bb5 28. Re3 {after 5 move} 1-0

[Event "First Saturday 2011 februar FM-C"]
[Site "Budapest"]
[Date "2011.02.08"]
[Round "1.4"]
[White "Czipp, Janos"]
[Black "Bohus, Adam"]
[Result "1/2-1/2"]
[WhiteElo "1632"]
[BlackElo "1606"]
[PlyCount "54"]
[EventDate "2011.02.05"]

1. c4 c5 2. Nc3 Nc6 3. Nf3 e6 4. g3 g6 5. Bg2 Bg7 6. O-O Nge7 7. e4 O-O 8. Re1
Qc7 9. Nb5 Qb8 10. Rb1 a6 11. Nc3 b6 12. d3 Bb7 13. Bf4 e5 14. Be3 Nd4 15. Nd5
Nxd5 16. exd5 d6 17. Nd2 f5 18. f4 Qc7 19. Bxd4 exd4 20. Re2 Rfe8 21. Bf3 Re3
22. Kg2 b5 23. Nf1 Re7 24. Rxe7 Qxe7 25. Qe1 Re8 26. Qxe7 Rxe7 27. b3 b4
1/2-1/2

[Event "First Saturday 2011 februar FM-C"]
[Site "Budapest"]
[Date "2011.02.08"]
[Round "1.4"]
[White "Hajdu, Roland"]
[Black "Hegedus, Peter dr"]
[Result "1-0"]
[WhiteElo "1833"]
[BlackElo "1851"]
[PlyCount "43"]
[EventDate "2011.02.05"]

1. e4 e6 2. d4 d5 3. exd5 exd5 4. Bd3 Nc6 5. c3 Bd6 6. Ne2 Nge7 7. Bf4 Bf5 8.
O-O O-O 9. Qc2 Bxd3 10. Qxd3 Ng6 11. Bg3 f5 12. f4 Qf6 13. Qb5 Nce7 14. Nd2 a6
15. Qd3 Rae8 16. Nf3 c6 17. Ne5 Qe6 18. Rad1 Qc8 19. h4 c5 20. h5 Nxe5 21. fxe5
cxd4 22. exd6 1-0

[Event "First Saturday 2011 februar FM-C"]
[Site "Budapest"]
[Date "2011.02.09"]
[Round "1.5"]
[White "Hegedus, Peter dr"]
[Black "Gimm, Gyorgy"]
[Result "0-1"]
[WhiteElo "1851"]
[BlackElo "1815"]
[PlyCount "100"]
[EventDate "2011.02.05"]

1. e4 c5 2. c3 d5 3. exd5 Qxd5 4. d4 Nf6 5. Nf3 Bg4 6. Nbd2 Nc6 7. Bc4 Bxf3 8.
Qb3 Na5 9. Qb5+ Qd7 10. Nxf3 Nxc4 11. Qxc4 cxd4 12. Qxd4 Qxd4 13. Nxd4 O-O-O
14. Bg5 e6 15. f3 Bc5 16. Nb3 Bb6 17. Ke2 Rd7 18. Bxf6 gxf6 19. Rad1 f5 20.
Rxd7 Kxd7 21. Rd1+ Kc8 22. Kd3 Rg8 23. Rd2 Rd8+ 24. Kc2 Rxd2+ 25. Nxd2 Kd7 26.
Kd3 Kc6 27. Nc4 Bc7 28. h3 b6 29. a4 Bf4 30. b3 Bc7 31. Ne3 Be5 32. b4 a6 33.
Kc4 Bf4 34. b5+ axb5+ 35. axb5+ Kd6 36. Nc2 Be5 37. Nb4 Bg7 38. g4 fxg4 39.
hxg4 f5 40. gxf5 exf5 41. Nd5 h5 42. Nxb6 h4 43. Kd3 h3 44. Nc4+ Kc5 45. b6 Kc6
46. b7 Kc7 47. Nd6 h2 48. Ne8+ Kxb7 49. Nxg7 h1=Q 50. Nxf5 Qb1+ 0-1

[Event "First Saturday 2011 februar FM-C"]
[Site "Budapest"]
[Date "2011.02.09"]
[Round "1.5"]
[White "Bohus, Adam"]
[Black "Hajdu, Roland"]
[Result "0-1"]
[WhiteElo "1606"]
[BlackElo "1833"]
[PlyCount "98"]
[EventDate "2011.02.05"]

1. d4 d5 2. Nf3 Nf6 3. c4 e6 4. Nc3 b6 5. Bf4 Bb7 6. e3 Be7 7. Bd3 a6 8. O-O
O-O 9. Ne5 Nbd7 10. Rc1 Rc8 11. cxd5 exd5 12. Qe2 b5 13. Rfd1 c5 14. dxc5 Nxc5
15. Bf5 Ne6 16. Bg3 b4 17. Na4 Rxc1 18. Rxc1 Bd6 19. b3 Re8 20. Nc6 Bxc6 21.
Rxc6 Bxg3 22. Bxe6 Bxf2+ 23. Kxf2 fxe6 24. Rxa6 Ne4+ 25. Kg1 Qf6 26. Nb2 Rf8
27. Nd3 d4 28. Nxb4 dxe3 29. Nd3 Nc3 30. Qf3 Qd4 31. Ra8 e2+ 32. Kh1 Rd8 33.
Ne1 Rxa8 34. Qxa8+ Kf7 35. Qb7+ Kf6 36. Qf3+ Ke7 37. Qb7+ Kd6 38. Qb8+ Kd5 39.
Qb7+ Kd6 40. Qb8+ Kd5 41. Qb7+ Kd6 42. Qb8+ Ke7 43. Qb7+ Kf6 44. Qf3+ Ke5 45.
Qg3+ Kd5 46. Qf3+ Ne4 47. h3 Qd2 48. Qd3+ Qxd3 49. Nxd3 Nf2+ 0-1

[Event "First Saturday 2011 februar FM-C"]
[Site "Budapest"]
[Date "2011.02.10"]
[Round "2.1"]
[White "Bohus, Adam"]
[Black "Hegedus, Peter dr"]
[Result "0-1"]
[WhiteElo "1606"]
[BlackElo "1851"]
[PlyCount "98"]
[EventDate "2011.02.05"]

1. d4 f5 2. g3 Nf6 3. Bg2 g6 4. Nf3 Bg7 5. O-O O-O 6. c4 d6 7. Nc3 c6 8. Rb1
Ne4 9. Qb3 Kh8 10. d5 Nxc3 11. bxc3 cxd5 12. cxd5 Na6 13. Qc2 Nc5 14. c4 f4 15.
Bb2 Bf5 16. Bxg7+ Kxg7 17. Qb2+ Kg8 18. Rbd1 fxg3 19. fxg3 Qc7 20. Nd4 Bd7 21.
e4 Rxf1+ 22. Rxf1 Nd3 23. Qb3 Ne5 24. Rc1 h6 25. Nf3 Qc5+ 26. Kh1 Ng4 27. h3
Nf2+ 28. Kh2 Nxe4 29. Re1 Nf6 30. Rxe7 Re8 31. Rxe8+ Bxe8 32. Qc3 Nh5 33. Nd4
Ng7 34. Ne6 Nxe6 35. dxe6 Qe5 36. Qxe5 dxe5 37. Bd5 Kf8 38. Kg2 Ke7 39. Kf3 g5
40. h4 gxh4 41. gxh4 Bg6 42. Kg4 Bb1 43. a3 Ba2 44. Kh5 b5 45. Kxh6 bxc4 46.
Kg7 c3 47. Be4 Bb3 48. h5 c2 49. Bxc2 Bxc2 0-1

[Event "First Saturday 2011 februar FM-C"]
[Site "Budapest"]
[Date "2011.02.11"]
[Round "2.2"]
[White "Bohus, Adam"]
[Black "Gimm, Gyorgy"]
[Result "0-1"]
[WhiteElo "1606"]
[BlackElo "1815"]
[PlyCount "62"]
[EventDate "2011.02.05"]

1. d4 Nf6 2. c4 g6 3. Nc3 Bg7 4. e4 O-O 5. f3 d6 6. Be3 e5 7. Nge2 Nc6 8. Qd2
Bd7 9. g4 exd4 10. Nxd4 Re8 11. O-O-O a6 12. h4 h5 13. g5 Nh7 14. f4 Nxd4 15.
Bxd4 Bc6 16. Bxg7 Kxg7 17. Bg2 Nf8 18. f5 Nd7 19. Nd5 Bxd5 20. cxd5 Ne5 21. Qc3
c5 22. dxc6 Rc8 23. Kb1 Rxc6 24. Qd4 Qc7 25. Rc1 Rc8 26. Rxc6 Qxc6 27. Qd2 Qc4
28. Rc1 Qxc1+ 29. Qxc1 Rxc1+ 30. Kxc1 Nd3+ 31. Kc2 Ne1+ 0-1

[Event "First Saturday 2011 februar FM-C"]
[Site "Budapest"]
[Date "2011.02.11"]
[Round "2.2"]
[White "Hajdu, Roland"]
[Black "Czipp, Janos"]
[Result "1-0"]
[WhiteElo "1833"]
[BlackElo "1632"]
[PlyCount "53"]
[EventDate "2011.02.05"]

1. e4 d6 2. d4 g6 3. Nf3 Nf6 4. Nc3 Bg7 5. Be3 Bg4 6. Be2 Nbd7 7. Qd2 O-O 8.
Bh6 Bxf3 9. Bxf3 c6 10. Bxg7 Kxg7 11. h4 h5 12. O-O-O Qc7 13. Qg5 Nh7 14. Qe3
e5 15. g4 f5 16. gxf5 Rf6 17. fxg6 Rxf3 18. Qxf3 Rf8 19. Qxh5 Nhf6 20. Qg5 Rh8
21. h5 Rh6 22. f4 exd4 23. Rxd4 c5 24. Rdd1 Nb6 25. e5 dxe5 26. fxe5 Ne8 27.
Rhf1 1-0

[Event "First Saturday 2011 februar FM-C"]
[Site "Budapest"]
[Date "2011.02.12"]
[Round "2.3"]
[White "Gimm, Gyorgy"]
[Black "Hajdu, Roland"]
[Result "1/2-1/2"]
[WhiteElo "1815"]
[BlackElo "1833"]
[PlyCount "70"]
[EventDate "2011.02.05"]

1. e4 c5 2. Nf3 Nc6 3. d4 cxd4 4. Nxd4 Nf6 5. Nc3 g6 6. Be3 Bg7 7. f3 O-O 8.
Qd2 d5 9. O-O-O dxe4 10. Nxc6 Qxd2+ 11. Rxd2 bxc6 12. Nxe4 Nd5 13. Bd4 Bh6 14.
c4 Bxd2+ 15. Nxd2 Nb6 16. b3 Rd8 17. Bc5 e5 18. Ne4 Be6 19. Be7 Rdc8 20. Bd3 f5
21. Nc3 Re8 22. Bh4 h6 23. Re1 g5 24. Bg3 f4 25. Bf2 Nd7 26. Ne4 Kg7 27. Bc2
Bf7 28. Rd1 Nf6 29. Bc5 Nxe4 30. Bxe4 Rad8 31. Bd6 Rc8 32. Bf5 Rcd8 33. Be4 Kf6
34. Bxc6 Rg8 35. c5 Bg6 1/2-1/2

[Event "First Saturday 2011 februar FM-C"]
[Site "Budapest"]
[Date "2011.02.12"]
[Round "2.3"]
[White "Czipp, Janos"]
[Black "Hegedus, Peter dr"]
[Result "1-0"]
[WhiteElo "1632"]
[BlackElo "1851"]
[PlyCount "73"]
[EventDate "2011.02.05"]

1. Nf3 f5 2. d4 Nf6 3. e3 c6 4. b3 e6 5. Nbd2 Be7 6. Bd3 d5 7. Bb2 Nbd7 8. c4
O-O 9. Ng5 Nb8 10. Qc2 Na6 11. a3 Bd7 12. c5 Nc7 13. O-O Ne4 14. Nh3 Be8 15.
Nf3 Bf6 16. Ne5 Bxe5 17. dxe5 Qe7 18. Bd4 Bf7 19. f3 Ng5 20. Nf2 Bg6 21. Nh1 h5
22. h4 Nf7 23. g3 Nh6 24. Rf2 Be8 25. b4 Kh8 26. Rg2 Bd7 27. Nf2 a5 28. Rb1
Rfc8 29. Nh3 axb4 30. axb4 Ra3 31. Nf4 Qe8 32. Rb3 Rca8 33. Rxa3 Rxa3 34. Qb2
Ra8 35. g4 hxg4 36. fxg4 Nxg4 37. h5 1-0

[Event "First Saturday 2011 februar FM-C"]
[Site "Budapest"]
[Date "2011.02.13"]
[Round "2.4"]
[White "Bohus, Adam"]
[Black "Czipp, Janos"]
[Result "1-0"]
[WhiteElo "1606"]
[BlackElo "1632"]
[PlyCount "77"]
[EventDate "2011.02.05"]

1. d4 Nf6 2. c4 e6 3. Nf3 b6 4. Nc3 Bb7 5. Bg5 Bb4 6. a3 Bxc3+ 7. bxc3 h6 8.
Bh4 g5 9. Bg3 Ne4 10. Qc2 Nxg3 11. hxg3 d6 12. e4 Nd7 13. Bd3 Qe7 14. O-O O-O-O
15. Rab1 d5 16. c5 bxc5 17. a4 c4 18. Qb2 Nb6 19. Bc2 dxe4 20. Ne5 f6 21. Ng6
Qd7 22. Nxh8 a5 23. Ng6 Rg8 24. Qb5 Qxb5 25. Rxb5 Rxg6 26. Rxa5 f5 27. Rc5 Bd5
28. a5 Nd7 29. Rb5 f4 30. g4 Bc6 31. Rb4 Rg7 32. a6 Ba8 33. Rxc4 Nb6 34. Rc5 h5
35. gxh5 g4 36. Re5 Nc4 37. Rxe4 Bxe4 38. Bxe4 Nb6 39. a7 1-0

[Event "First Saturday 2011 februar FM-C"]
[Site "Budapest"]
[Date "2011.02.13"]
[Round "2.4"]
[White "Hegedus, Peter dr"]
[Black "Hajdu, Roland"]
[Result "0-1"]
[WhiteElo "1851"]
[BlackElo "1833"]
[PlyCount "70"]
[EventDate "2011.02.05"]

1. e4 c5 2. c3 e6 3. d4 d5 4. exd5 exd5 5. Nf3 Nf6 6. Be3 Ng4 7. Bg5 Be7 8.
Bb5+ Nc6 9. Bxe7 Qxe7+ 10. Qe2 Be6 11. h3 Nf6 12. Nbd2 O-O 13. dxc5 Qxc5 14.
Nb3 Qb6 15. O-O Rfe8 16. Qd3 Ne4 17. Nfd4 a6 18. Ba4 Qc7 19. Bxc6 bxc6 20. Nd2
Nf6 21. Rfe1 c5 22. N4f3 h6 23. b3 a5 24. a3 Rad8 25. Qc2 Qf4 26. Nf1 Bxh3 27.
Rxe8+ Rxe8 28. Rc1 Be6 29. Ne3 Ne4 30. c4 d4 31. Nf1 Bg4 32. N3h2 Bf5 33. g3
Qb8 34. g4 Bh7 35. Nf3 Ng3 0-1